000 01050cam a2200289 a 4500
001 1599042
003 ARRUPE
005 20161215082514.0
008 941122s1995 nyua b 001 0 eng
010 _a 94043724
020 _a0871134810
040 _aDLC
_cDLC
_dDLC
050 0 0 _aBF710
_b.A53 1995
082 0 0 _a155.2/5
_220
100 1 _aAnderson, Clifford.
_928060
245 1 4 _aThe stages of life :
_ba groundbreaking discovery : the steps to psychological maturity /
_cClifford Anderson.
250 _a1st ed.
260 _aNew York :
_bAtlantic Monthly Press,
_cc1995.
300 _axiv, 222 p. :
_bill. ;
_c24 cm.
504 _aIncludes bibliographical references (p. 203-210) and index.
650 0 _aMaturation (Psychology)
_98289
650 0 _aEmotional maturity.
_98290
650 0 _aDevelopmental psychology.
_928061
906 _a7
_bcbc
_corignew
_d1
_eocip
_f19
_gy-gencatlg
942 _2lcc
_cMONOGRAPH
999 _c125901
_d125901